| 000 | 00652nam a2200229 a 4500 | ||
|---|---|---|---|
| 001 | 14704 | ||
| 003 | BD-RjUL | ||
| 005 | 20211208235657.0 | ||
| 008 | 140208s1980 enka 001 0 eng d | ||
| 035 |
_a(BD-RjUL)14758 _aCURL 020000122965(Edi) from mvsc070 |
||
| 040 |
_aBD-RjUL _beng _cBD-RjUL _dBD-RjUL |
||
| 041 | _aeng | ||
| 082 | 0 | 0 |
_a658.4012 _219 _bJOC 1980 |
| 100 | 1 |
_aJones, Harry, _d1911- _945825 |
|
| 245 | 1 | 0 |
_aCorporate planning / _cHarry Jones |
| 260 |
_aAldershot : _bGower, _c1980. |
||
| 300 |
_axiv, 258 p : _bill. ; _c23 cm |
||
| 504 | _aIncludes index. | ||
| 650 | 0 |
_aCorporate planning _945826 |
|
| 942 |
_2ddc _cBK |
||
| 999 |
_c14704 _d14704 |
||